Hoá lượng tử
Sparad:
| Huvudupphovsman: | |
|---|---|
| Materialtyp: | Bok |
| Språk: | Undetermined |
| Publicerad: |
TP.HCM
Đại học Quốc gia TP.HCM
2000
|
| Ämnen: | |
| Länkar: | http://lrc.tdmu.edu.vn/opac/search/detail.asp?aID=2&ID=3496 |
| Taggar: |
Lägg till en tagg
Inga taggar, Lägg till första taggen!
|
| Thư viện lưu trữ: | Trung tâm Học liệu Trường Đại học Thủ Dầu Một |
|---|
| LEADER | 00581nam a2200193Ia 4500 | ||
|---|---|---|---|
| 001 | TDMU_3496 | ||
| 008 | 210410s9999 xx 000 0 und d | ||
| 082 | |a 541 | ||
| 090 | |b L46 | ||
| 100 | |a Lê, Khắc Tích | ||
| 245 | 0 | |a Hoá lượng tử | |
| 245 | 0 | |c Lê Khắc Tích | |
| 260 | |a TP.HCM | ||
| 260 | |b Đại học Quốc gia TP.HCM | ||
| 260 | |c 2000 | ||
| 300 | |a 230tr. | ||
| 650 | |a Hóa lượng tử | ||
| 856 | |u http://lrc.tdmu.edu.vn/opac/search/detail.asp?aID=2&ID=3496 | ||
| 980 | |a Trung tâm Học liệu Trường Đại học Thủ Dầu Một | ||